LEADER 01709nam0-2200421---450 001 990005631940203316 005 20190403124937.0 035 $a000563194 035 $aUSA01000563194 035 $a(ALEPH)000563194USA01 035 $a000563194 100 $a20030402e19711670|||y0itaa50------ba 101 $afre 102 $afr 105 $a0 00||| 200 1 $aPensées de Pascal, sur la religion, et sur quelques autres sujet$el'Edition de Port-Royal (1670) et ses complements (1678, 1776)$fpresentee par Georges Couton et Jean Jehasse 205 $aRist. anast 210 $a[Saint-Etienne$cEditions de l'Universite$d1971] 215 $a639 p.$d22 cm 225 2 $aImages et temoins de l'age classique$fCentre interuniversitaire d'editions et de reeditions, Universites de la Region Rhone-Alpes$v2 410 0$12001$aImages et temoins de l'age classique$v2 451 $1001000567203$1101$aita$1102$ait$12001$a<> pensieri$fBlaise Pascal$gcon la vita di Pascal scritta da Gilbert Périer$g[traduzione, introduzione e note di Gennaro Auletta]$1205$a5 ed$1210$aMilano$cEdizioni Paoline$dcopyr. 1966$1215$a638 p.$d17 cm. 620 $dSAINT-ETIENNE 676 $a284.84 700 1$aPASCAL,$bBlaise$028760 702 1$aCOUTON,$bGeorges 702 1$aJEHASSE,$bJean 801 0$aIT$bSA$c20111219 912 $a990005631940203316 950 0$aDipar.to di Filosofia - Salerno$dDFAA 840.4 IMATA$e1620 FIL 951 $aAA 840.4 IMATA$b1620 FIL 959 $aBK 969 $aFIL 979 $c20121027$lUSA01$h1525 979 $c20121027$lUSA01$h1614 996 $aPensées de Pascal, sur la religion, et sur quelques autres sujet$91134166 997 $aUNISA NUM $aSA0007958 LEADER 02343nam0 22004813i 450 001 VAN0193155 005 20230613020854.979 017 70$2N$a9783319496825 100 $a20210727d2017 |0itac50 ba 101 $aeng 102 $aCH 105 $a|||| ||||| 200 1 $aTheory of Gravitational Interactions$fMaurizio Gasperini 205 $a2. ed 210 $aCham$cSpringer$d2017 215 $axvii, 373 p.$cill.$d24 cm 410 1$1001VAN0100249$12001 $aUnitext for physics$1210 $aMilano [etc.]$cSpringer 500 1$3VAN0193157$aTheory of Gravitational Interactions$91835221 606 $a81T30$xString and superstring theories; other extended objects (e.g., branes) in quantum field theory [MSC 2020]$3VANC021514$2MF 606 $a83-XX$xRelativity and gravitational theory [MSC 2020]$3VANC023243$2MF 606 $a83C60$xSpinor and twistor methods in general relativity and gravitational theory; Newman-Penrose formalism [MSC 2020]$3VANC023296$2MF 606 $a83C35$xGravitational waves [MSC 2020]$3VANC029028$2MF 606 $a83E50$xSupergravity [MSC 2020]$3VANC031491$2MF 606 $a83E15$xKaluza-Klein and other higher-dimensional theories [MSC 2020]$3VANC036159$2MF 606 $a53Z05$xApplications of differential geometry to physics [MSC 2020]$3VANC036751$2MF 610 $aBrane-world scenario$9KW:K 610 $aEinstein equations$9KW:K 610 $aFundamental interactions$9KW:K 610 $aGravitational Theory$9KW:K 610 $aGravitational time-delay effects$9KW:K 610 $aGravitational-Wave Detectors$9KW:K 610 $aTheory of Gravitational Interactions$9KW:K 620 $aCH$dCham$3VANL001889 700 1$aGasperini$bMaurizio$3VANV078564$040394 712 $aSpringer $3VANV108073$4650 801 $aIT$bSOL$c20240614$gRICA 856 4 $uhttp://doi.org/10.1007/978-3-319-49682-5$zE-book ? Accesso al full-text attraverso riconoscimento IP di Ateneo, proxy e/o Shibboleth 899 $aBIBLIOTECA DEL DIPARTIMENTO DI MATEMATICA E FISICA$1IT-CE0120$2VAN08 912 $fN 912 $aVAN0193155 950 $aBIBLIOTECA DEL DIPARTIMENTO DI MATEMATICA E FISICA$d08CONS e-book 3343 $e08eMF3343 20210727 996 $aTheory of Gravitational Interactions$91835221 997 $aUNICAMPANIA